000 00720nam a2200253Ia 4500
003 OSt
005 20221005093004.0
006 a|||||r|||| 00| 0
007 ta
008 221004b |||||||| |||| 00| 0 eng d
020 _a1572308559
024 _a79523
037 _cTextual
040 _aCRL
_cCRL
_beng
041 _2eng
_aeng
082 _aS1:(L:5), P3
100 _aPower Thomas J and others
_9618010
245 0 _aPromoting children's health
_b Integrating school, family, and community
260 _aNew York
_bThe Guilford Press USA
_c2003
300 _a262p.
_ccm.
650 _aPSYCHOLOGY
942 _hS1:(L:5), P3
_cTEXL
_2cc
999 _c999663
_d999663